Statistics for Guess the Country #3

Click here to take the quiz!

General Stats

  • This quiz has been taken 157 times
    (101 since last reset)
  • The average score is 11 of 15

Answer Stats

HintCountry% Correct
United States
94%
I am the country that Adolf Hitler was born inAustria
90%
Russia
88%
My capital is JakartaIndonesia
85%
I am the smallest country in South AmericaSuriname
85%
I am the country where the Chernobyl disaster occurredUkraine
85%
We are the only countries that border three oceansCanada
84%
I am the only country in Europe that starts with the letter HHungary
81%
My name in my native language is Nihon or NipponJapan
78%
I am the only landlocked country in Southeast AsiaLaos
77%
I am the country with the most known speciesBrazil
59%
I am the least densely populated European countryIceland
53%
I am the biggest country without five million peopleMongolia
47%
I am the richest country in Africa with the average person making $26,300 per yearSeychelles
37%
I am the country with the highest obesity rate that has more than one million peopleKuwait
9%

Score Distribution

Percentile by Number Answered

Percent of People with Each Score

Your Score History

You have not taken this quiz since the last reset